|
|
|
|
| LEADER |
00589cam a2200193 7i4500 |
| 001 |
0000050689 |
| 005 |
20151104090000.0 |
| 005 |
##20151104164900.0 |
| 003 |
##MY-KlINT |
| 020 |
# |
# |
|a 139780471776604(RM 111.80)
|
| 020 |
# |
# |
|a 10 0471776602
|
| 039 |
# |
9 |
|y 201511041649
|z VLOAD
|
| 090 |
0 |
0 |
|a 658.812
|b BAR
|
| 100 |
1 |
# |
|a Barnes, James G
|
| 245 |
0 |
0 |
|a Build your customer strategy :
|b a guide to creating profitable customer relationship /
|c James G. Barnes.
|
| 260 |
# |
# |
|a Hoboken, NJ:
|b John Wiley,
|c 2006.
|
| 300 |
# |
# |
|a xviii,202p:
|b ill;
|c 24cm.
|
| 500 |
# |
# |
|a Includes index
|
| 650 |
# |
0 |
|a Customer relations
|